000 00463cam a2200181ua 4500
001 12269
008 200824n ii |||gr||||Z||||||asm
020 _a9789324406347
040 _cMAIN
082 _a491.451
100 _aJatin Goswami,
_eAuthor.
245 _aAsamiya lipir itihas
_cBy Jatin Goswami
250 _a6th ed.
260 _aGuwahati:
_bChandra prakash,
_c2016.
300 _a92p.
653 _aEast Indo-European & Celtic languages
942 _cBK
999 _c11026
_d11026